[Event "3. Campeonato de la Unión Europea"]
[Site "Arvier ITA"]
[Date "2007.06.23"]
[Round "9.37"]
[White "Foisor, Mihaela Veronica"]
[Black "Calandri, Fausto"]
[Result "1-0"]
[WhiteElo "1980"]
[BlackElo "2144"]
[PlyCount "79"]
[EventDate "2007.06.15"]
[EventType "swiss"]
[EventRounds "10"]
[EventCountry "ITA"]
[Source "lmi"]
[SourceDate "2007.06.15"]

1. d4 e6 2. c4 Nf6 3. Nc3 Bb4 4. a3 Bxc3+ 5. bxc3 O-O 6. e3 c5 7. Bd3 Nc6 8.
Ne2 b6 9. e4 Ne8 10. O-O Ba6 11. f4 f5 12. exf5 exf5 13. dxc5 bxc5 14. Ng3 g6
15. Be3 Qe7 16. Re1 Nc7 17. Bf2 Qd6 18. Qf3 Bb7 19. Rad1 Na5 20. Bxf5 Bxf3 21.
Rxd6 gxf5 22. Rxd7 Rfe8 23. Rxc7 Rxe1+ 24. Bxe1 Re8 25. Bf2 Be4 26. Rxc5 Nb3
27. Nxe4 fxe4 28. Re5 Rxe5 29. fxe5 a6 30. Bb6 Nd2 31. c5 Nc4 32. Bc7 Kf7 33.
c6 Nxa3 34. Bd6 Nc4 35. c7 Nb6 36. Kf2 Ke6 37. Ke3 Kd5 38. Kf4 a5 39. c4+ Kd4
40. e6 1-0

[Event "3. Campeonato de la Unión Europea"]
[Site "Arvier ITA"]
[Date "2007.06.23"]
[Round "9.38"]
[White "Beggi, Pierluigi"]
[Black "Stojanovic, Vojislav"]
[Result "0-1"]
[WhiteElo "2141"]
[BlackElo "1911"]
[PlyCount "46"]
[EventDate "2007.06.15"]
[EventType "swiss"]
[EventRounds "10"]
[EventCountry "ITA"]
[Source "lmi"]
[SourceDate "2007.06.15"]

1. d4 f5 2. c4 e6 3. d5 d6 4. Nc3 Nf6 5. g3 e5 6. Bg2 Be7 7. Nf3 O-O 8. O-O Nh5
9. e3 g6 10. c5 Nd7 11. cxd6 cxd6 12. Bd2 e4 13. Nd4 Ne5 14. Qb3 Ng7 15. f3
exf3 16. Nxf3 Bf6 17. Rac1 Nd3 18. Rc2 Nc5 19. Qc4 a6 20. b4 b5 21. Qe2 Nd7 22.
a4 Re8 23. Nd4 Bxd4 0-1

[Event "3. Campeonato de la Unión Europea"]
[Site "Arvier ITA"]
[Date "2007.06.23"]
[Round "9.39"]
[White "Fraser-Mitchell, Jeremy N"]
[Black "Varinelli, Sara"]
[Result "1-0"]
[WhiteElo "2084"]
[BlackElo "1694"]
[PlyCount "67"]
[EventDate "2007.06.15"]
[EventType "swiss"]
[EventRounds "10"]
[EventCountry "ITA"]
[Source "lmi"]
[SourceDate "2007.06.15"]

1. d4 d5 2. e4 dxe4 3. Nc3 Nf6 4. f3 exf3 5. Nxf3 Bg4 6. h3 Bh5 7. g4 Bg6 8.
Bg2 c6 9. O-O e6 10. Be3 Qc7 11. Ne5 Bd6 12. Nxg6 hxg6 13. Qf3 Nd5 14. Nxd5
exd5 15. Rae1 O-O 16. h4 Nd7 17. g5 Bg3 18. Bf2 Bh2+ 19. Kh1 Nb6 20. Bh3 Rae8
21. b3 Bd6 22. c3 a5 23. Kg2 a4 24. Be3 axb3 25. axb3 Re4 26. h5 gxh5 27. Qxh5
Bg3 28. g6 fxg6 29. Rxf8+ Kxf8 30. Rf1+ Kg8 31. Qxg6 Rxe3 32. Be6+ Rxe6 33.
Qxe6+ Kh7 34. Rh1+ 1-0

[Event "3. Campeonato de la Unión Europea"]
[Site "Arvier ITA"]
[Date "2007.06.23"]
[Round "9.40"]
[White "Antoniacci, Riccardo"]
[Black "Norinkeviciute, Rasa"]
[Result "0-1"]
[WhiteElo "1995"]
[BlackElo "2048"]
[PlyCount "102"]
[EventDate "2007.06.15"]
[EventType "swiss"]
[EventRounds "10"]
[EventCountry "ITA"]
[Source "lmi"]
[SourceDate "2007.06.15"]

1. e4 g6 2. d4 Bg7 3. c4 d6 4. Nc3 e6 5. Nf3 Ne7 6. Bd3 h6 7. h4 Nd7 8. Bf4 b6
9. a4 e5 10. dxe5 dxe5 11. Bg3 Nc6 12. Nd5 O-O 13. b4 f5 14. Qc2 f4 15. Bh2 a5
16. b5 Nb4 17. Qc3 Nc5 18. Bb1 Be6 19. O-O Bxd5 20. cxd5 Re8 21. Rd1 Qf6 22.
Qc4 Kh8 23. Ra3 Rad8 24. g3 g5 25. gxf4 gxf4 26. Qf1 Bf8 27. Qh3 Be7 28. Kh1
Rg8 29. Ra1 Rg7 30. Re1 Rdg8 31. Ng5 Qg6 32. Ne6 Nxe6 33. dxe6 Qh5 34. Ba2 Nc2
35. Bd5 Nxe1 36. Rxe1 Qxh4 37. Qf3 Qg4 38. Qxg4 Rxg4 39. Rc1 Bc5 40. Bc6 R8g7
41. f3 Rh4 42. Bd7 Kg8 43. Be8 Kf8 44. Bf7 Rh3 45. Rf1 Ke7 46. Rd1 Rxf3 47. Bh5
Rh3 48. Rd7+ Kf6 49. Rxg7 Kxg7 50. Bg4 Ra3 51. Kg2 Rxa4 0-1

[Event "3. Campeonato de la Unión Europea"]
[Site "Arvier ITA"]
[Date "2007.06.23"]
[Round "9.41"]
[White "Brachten, Ron"]
[Black "Chierici, Marianna"]
[Result "0-1"]
[WhiteElo "1604"]
[BlackElo "1996"]
[PlyCount "64"]
[EventDate "2007.06.15"]
[EventType "swiss"]
[EventRounds "10"]
[EventCountry "ITA"]
[Source "lmi"]
[SourceDate "2007.06.15"]

1. e4 d6 2. Nf3 Nf6 3. Nc3 e5 4. Bc4 Be7 5. O-O c6 6. a4 Bg4 7. Be2 Nbd7 8. d3
O-O 9. b3 d5 10. exd5 cxd5 11. d4 e4 12. Ne5 Be6 13. Nxd7 Nxd7 14. f3 Rc8 15.
Nb1 Nb6 16. f4 f5 17. c3 g5 18. g3 Rf7 19. Kg2 Rg7 20. Bd2 Qc7 21. g4 Bd6 22.
Qc1 Rf8 23. fxg5 f4 24. h3 Rxg5 25. Bf3 h5 26. h4 exf3+ 27. Rxf3 Rxg4+ 28. Kf2
Qg7 29. Ke2 Rg2+ 30. Ke1 Rg1+ 31. Rf1 Qg3+ 32. Ke2 Bg4+ 0-1

[Event "3. Campeonato de la Unión Europea"]
[Site "Arvier ITA"]
[Date "2007.06.23"]
[Round "9.42"]
[White "Bonugli, Carlo"]
[Black "Mazzetta, Renato"]
[Result "1/2-1/2"]
[WhiteElo "2091"]
[BlackElo "1864"]
[PlyCount "160"]
[EventDate "2007.06.15"]
[EventType "swiss"]
[EventRounds "10"]
[EventCountry "ITA"]
[Source "lmi"]
[SourceDate "2007.06.15"]

1. e4 c5 2. Nc3 Nc6 3. g3 g6 4. Bg2 Bg7 5. d3 d6 6. f4 e5 7. Nf3 Nge7 8. O-O f5
9. Kh1 O-O 10. exf5 gxf5 11. Be3 Nd4 12. fxe5 dxe5 13. Qd2 Rb8 14. Rae1 Ng6 15.
Bg5 Qd6 16. Nd1 Be6 17. c3 Nxf3 18. Bxf3 Bxa2 19. Be3 Bd5 20. Qg2 Bxf3 21. Qxf3
f4 22. Bg1 fxg3 23. Qxg3 Qd5+ 24. Qg2 Qxg2+ 25. Kxg2 Nf4+ 26. Kg3 Nxd3 27.
Rxf8+ Rxf8 28. Re3 c4 29. Bf2 Bh6 30. Re4 b5 31. Kg2 a6 32. Bg3 Bf4 33. Re2 Rf7
34. Ne3 Rg7 35. Kf3 Bxg3 36. hxg3 Kf7 37. g4 Ke6 38. Rh2 Rf7+ 39. Kg3 Nc5 40.
Rh6+ Kd7 41. Nf5 Ne4+ 42. Kg2 Nf6 43. Kg3 Ke6 44. Ne3 Rg7 45. Kf3 Rg6 46. Rh1
Rg7 47. Rh6 Rg6 48. Rh1 a5 49. Ra1 a4 50. Rd1 Rg7 51. Rd8 Rd7 52. Rb8 Rd3 53.
Ke2 Nd5 54. Nxd5 Rxd5 55. Rb7 a3 56. bxa3 Rd3 57. Rxb5 Rxc3 58. Rb7 Rxa3 59.
Rxh7 Rg3 60. Rg7 c3 61. Kf2 c2 62. Rc7 Rxg4 63. Rxc2 Kf5 64. Rc8 Ra4 65. Ke3
Ra3+ 66. Ke2 Kf4 67. Rf8+ Ke4 68. Rh8 Ra2+ 69. Ke1 Kd4 70. Rh4+ e4 71. Rh8 Kd3
72. Rd8+ Ke3 73. Kd1 Ra1+ 74. Kc2 Ra5 75. Rd7 Rf5 76. Rd8 Kf3 77. Kd1 e3 78.
Ke1 Rf4 79. Rd7 Rf5 80. Rd8 Rf4 1/2-1/2

[Event "3. Campeonato de la Unión Europea"]
[Site "Arvier ITA"]
[Date "2007.06.23"]
[Round "9.43"]
[White "Squarci, Franco"]
[Black "Occhipinti, Massimo"]
[Result "1-0"]
[WhiteElo "1863"]
[BlackElo "2020"]
[PlyCount "101"]
[EventDate "2007.06.15"]
[EventType "swiss"]
[EventRounds "10"]
[EventCountry "ITA"]
[Source "lmi"]
[SourceDate "2007.06.15"]

1. d4 Nf6 2. Nf3 g6 3. Bf4 Bg7 4. c3 d6 5. h3 h6 6. e3 c6 7. Bd3 a5 8. Qc2 Na6
9. Nbd2 b5 10. e4 g5 11. Be3 Bd7 12. e5 Nd5 13. exd6 exd6 14. O-O g4 15. hxg4
Bxg4 16. Nh2 Be6 17. Ne4 Nxe3 18. fxe3 O-O 19. Ng3 Kh8 20. Nh5 Qg5 21. Nxg7
Qxe3+ 22. Kh1 Kxg7 23. Rf3 Qg5 24. Qf2 h5 25. Bf5 h4 26. Rf1 Rg8 27. Bxe6 fxe6
28. Rf4 Nc7 29. Rg4 Qxg4 30. Nxg4 Raf8 31. Nf6 Nd5 32. Nh5+ Kg6 33. Qe2 Rxf1+
34. Qxf1 Kxh5 35. Qf7+ Rg6 36. Qf3+ Rg4 37. Qf7+ Rg6 38. Kh2 Ne3 39. Qf3+ Ng4+
40. Kh3 c5 41. dxc5 dxc5 42. Qe2 b4 43. Qe1 Rh6 44. Qxh4+ Kg6 45. Kxg4 Rxh4+
46. Kxh4 a4 47. cxb4 a3 48. b3 cxb4 49. Kg4 e5 50. Kf3 Kf5 51. g4+ 1-0

[Event "3. Campeonato de la Unión Europea"]
[Site "Arvier ITA"]
[Date "2007.06.23"]
[Round "9.46"]
[White "Dritsakos, Alessio"]
[Black "Testa, Adriano"]
[Result "0-1"]
[WhiteElo "1506"]
[BlackElo "1907"]
[PlyCount "104"]
[EventDate "2007.06.15"]
[EventType "swiss"]
[EventRounds "10"]
[EventCountry "ITA"]
[Source "lmi"]
[SourceDate "2007.06.15"]

1. e4 d5 2. exd5 Qxd5 3. Nc3 Qa5 4. d4 Nf6 5. Bd3 Bg4 6. f3 Bh5 7. Nge2 e6 8.
Bd2 c6 9. O-O Bg6 10. Ne4 Qd8 11. c3 Nbd7 12. Qc2 Be7 13. Nf4 Nd5 14. Nxg6 hxg6
15. f4 N7f6 16. Ng5 Rh6 17. Rae1 Qd7 18. a3 Nc7 19. b4 Bd6 20. Rf3 O-O-O 21.
Rh3 Rxh3 22. Nxh3 Rh8 23. Rf1 Ncd5 24. c4 Ne7 25. c5 Bc7 26. Be3 Ng4 27. Qd2
Nxe3 28. Qxe3 Rd8 29. Rf3 Nd5 30. Qd2 Nf6 31. Qe3 Ng4 32. Qe4 Qxd4+ 33. Qxd4
Rxd4 34. Be2 Rd2 35. Bf1 f6 36. Rd3 Rc2 37. Rg3 f5 38. Rf3 Kd7 39. Ng5 Ke7 40.
h3 Nf6 41. g3 Nd5 42. Bd3 Rc3 43. Be2 Rc2 44. Kf1 e5 45. fxe5 Bxe5 46. g4 Nf4
47. Re3 Rxe2 48. Rxe2 Nxe2 49. Kxe2 Bb2 50. a4 Ba3 51. b5 cxb5 52. axb5 Bxc5
0-1

[Event "3. Campeonato de la Unión Europea"]
[Site "Arvier ITA"]
[Date "2007.06.23"]
[Round "9.48"]
[White "Motzer, Heinrich"]
[Black "Cavatorta, Ivan"]
[Result "1-0"]
[WhiteElo "2021"]
[BlackElo "1878"]
[PlyCount "109"]
[EventDate "2007.06.15"]
[EventType "swiss"]
[EventRounds "10"]
[EventCountry "ITA"]
[Source "lmi"]
[SourceDate "2007.06.15"]

1. c4 e5 2. Nc3 Nf6 3. g3 c6 4. Bg2 d5 5. d4 exd4 6. Qxd4 dxc4 7. Qxd8+ Kxd8 8.
Bg5 Bb4 9. O-O-O+ Ke8 10. Ne4 Be7 11. Nd6+ Bxd6 12. Rxd6 Ke7 13. Rd4 Be6 14.
Nh3 Rd8 15. Rxd8 Kxd8 16. Nf4 h6 17. Rd1+ Ke7 18. Bxf6+ gxf6 19. a3 Nd7 20. Rd4
Nb6 21. e3 c5 22. Rd2 c3 23. bxc3 Nc4 24. Ra2 Nxe3 25. Nxe6 Nxg2 26. Nxc5 Rc8
27. Re2+ Kf8 28. Nxb7 Rc7 29. Nd6 Rxc3+ 30. Kb2 Rf3 31. Nb5 a6 32. Nc7 a5 33.
a4 f5 34. Nb5 f4 35. Nd4 Rd3 36. Nc6 Rd5 37. Kb3 f3 38. Rc2 Ne1 39. Rc3 Rd2 40.
Rc1 Nd3 41. Kc3 Nxc1 42. Kxd2 Nb3+ 43. Ke3 Ke8 44. Kxf3 f6 45. Ke4 Kd7 46. Nd4
Nc5+ 47. Kf5 Kc7 48. f4 Nxa4 49. Nb3 Nb6 50. Nxa5 Nd5 51. Kg6 Ne3 52. Kxh6 Ng4+
53. Kg6 Nxh2 54. Kxf6 Kd7 55. Nc4 1-0

[Event "3. Campeonato de la Unión Europea"]
[Site "Arvier ITA"]
[Date "2007.06.23"]
[Round "9.51"]
[White "Fox, Pierre"]
[Black "Iacchetti, Giovanni"]
[Result "0-1"]
[WhiteElo "1832"]
[BlackElo "1917"]
[PlyCount "54"]
[EventDate "2007.06.15"]
[EventType "swiss"]
[EventRounds "10"]
[EventCountry "ITA"]
[Source "lmi"]
[SourceDate "2007.06.15"]

1. d4 d6 2. Nf3 f5 3. Nc3 Nf6 4. Bg5 e6 5. e4 fxe4 6. Nxe4 Be7 7. Nxf6+ Bxf6 8.
h4 Bd7 9. Bc4 b5 10. Bb3 a5 11. Qe2 Qe7 12. c3 a4 13. Bc2 Nc6 14. Rd1 O-O 15.
O-O a3 16. Rfe1 axb2 17. Bb3 Kh8 18. d5 Ne5 19. Nxe5 dxe5 20. Bxf6 Qxf6 21.
Qxb2 Qxh4 22. Rxe5 Rf6 23. d6 Rh6 24. Kf1 Rf8 25. dxc7 Qh1+ 26. Ke2 Qxg2 27.
Qa3 Qxf2+ 0-1

[Event "3. Campeonato de la Unión Europea"]
[Site "Arvier ITA"]
[Date "2007.06.23"]
[Round "9.52"]
[White "Agrest, Anton"]
[Black "Di Cio, Enrico"]
[Result "1/2-1/2"]
[WhiteElo "1350"]
[BlackElo "1776"]
[PlyCount "107"]
[EventDate "2007.06.15"]
[EventType "swiss"]
[EventRounds "10"]
[EventCountry "ITA"]
[Source "lmi"]
[SourceDate "2007.06.15"]

1. b4 e5 2. Bb2 Bxb4 3. Bxe5 Nf6 4. e3 O-O 5. a3 Be7 6. Nf3 Nc6 7. Bb2 d5 8. c4
Be6 9. Qb3 Na5 10. Qb5 Nxc4 11. Bxc4 dxc4 12. Qxb7 Rb8 13. Qxa7 Rxb2 14. Ne5
Qb8 15. Qxb8 Rfxb8 16. Nc3 Bd7 17. Nxc4 R2b7 18. a4 Be6 19. Ne5 Bd6 20. Nc6 Ra8
21. O-O Bd7 22. Nd4 Rba7 23. Rfb1 Bxa4 24. Ndb5 Bxb5 25. Rxa7 Rxa7 26. Nxb5 Rb7
27. f3 Kf8 28. Nc3 Rxb1+ 29. Nxb1 c5 30. Kf2 Nd5 31. Na3 Nb4 32. Nc4 Bc7 33. g3
Nd3+ 34. Ke2 Ne5 35. Nb2 Ke7 36. Na4 Kd6 37. Nc3 f5 38. f4 Nd7 39. e4 fxe4 40.
Nxe4+ Ke7 41. Kd3 h6 42. Kc4 Bd6 43. d4 cxd4 44. Kxd4 Bc7 45. h3 Nf6 46. Ke3
Nd5+ 47. Kd4 Nxf4 48. gxf4 Bxf4 49. Nf2 Bg3 50. Ng4 Ke6 51. Ke4 h5 52. Ne3 Kf6
53. Nf5 Bb8 54. Nxg7 1/2-1/2

[Event "3. Campeonato de la Unión Europea"]
[Site "Arvier ITA"]
[Date "2007.06.24"]
[Round "10.3"]
[White "Prie, Eric"]
[Black "Luther, Thomas"]
[Result "0-1"]
[WhiteElo "2513"]
[BlackElo "2586"]
[PlyCount "120"]
[EventDate "2007.06.15"]
[EventType "swiss"]
[EventRounds "10"]
[EventCountry "ITA"]
[Source "lmi"]
[SourceDate "2007.06.15"]

1. d4 d5 2. Nf3 e6 3. Bf4 Bd6 4. Bg3 Nf6 5. e3 O-O 6. Nbd2 c5 7. c3 Nc6 8. Bd3
Qe7 9. Ne5 Nd7 10. h4 cxd4 11. exd4 Bxe5 12. dxe5 Ndxe5 13. Bxe5 Nxe5 14. Bxh7+
Kxh7 15. Qh5+ Kg8 16. Qxe5 f6 17. Qe2 e5 18. h5 Bf5 19. Nf3 Bh7 20. Nh4 Qf7 21.
Qg4 Rfc8 22. Ng6 Rc4 23. Qg3 Re4+ 24. Kf1 d4 25. Qd3 Rg4 26. f3 Rg5 27. g4 dxc3
28. Rd1 Bxg6 29. hxg6 Rxg6 30. bxc3 Rh6 31. Rxh6 gxh6 32. Qf5 Re8 33. Rd7 Re7
34. Rd8+ Kg7 35. Ra8 Qc4+ 36. Kg2 e4 37. f4 e3 38. g5 Qe4+ 39. Qxe4 Rxe4 40.
gxf6+ Kxf6 41. Kf1 Rxf4+ 42. Ke2 Rf2+ 43. Kxe3 Rxa2 44. Rh8 Kg5 45. Rg8+ Kh4
46. Rg7 Rb2 47. Kf4 h5 48. Rg1 Rf2+ 49. Ke5 Rf7 50. Rh1+ Kg5 51. Rg1+ Kh6 52.
c4 b6 53. Rh1 Rc7 54. Kd4 Kg5 55. Rg1+ Kf4 56. Rf1+ Kg3 57. Rg1+ Kf3 58. Rf1+
Kg2 59. Rf8 Rg7 60. Rh8 Rg4+ 0-1

[Event "3. Campeonato de la Unión Europea"]
[Site "Arvier ITA"]
[Date "2007.06.24"]
[Round "10.4"]
[White "Baburin, Alexander"]
[Black "Likavsky, Tomas"]
[Result "1-0"]
[WhiteElo "2545"]
[BlackElo "2485"]
[PlyCount "55"]
[EventDate "2007.06.15"]
[EventType "swiss"]
[EventRounds "10"]
[EventCountry "ITA"]
[Source "lmi"]
[SourceDate "2007.06.15"]

1. d4 Nf6 2. c4 e6 3. Nc3 Bb4 4. e3 b6 5. Bd3 Bb7 6. Nge2 Bxg2 7. Rg1 Be4 8. a3
Bxc3+ 9. Nxc3 Bg6 10. e4 d6 11. Bg5 e5 12. f4 exf4 13. Nd5 c6 14. Nxf4 Nbd7 15.
Qf3 Qc7 16. O-O-O O-O-O 17. h4 Rhe8 18. Rde1 h6 19. Bxf6 Nxf6 20. h5 Bh7 21.
Rxg7 d5 22. e5 Bxd3 23. Qxd3 dxc4 24. Qf5+ Nd7 25. Rxf7 Kb8 26. Ne6 Rxe6 27.
Qxe6 Nc5 28. dxc5 1-0

[Event "3. Campeonato de la Unión Europea"]
[Site "Arvier ITA"]
[Date "2007.06.24"]
[Round "10.6"]
[White "Sulskis, Sarunas"]
[Black "Brunello, Sabino"]
[Result "1-0"]
[WhiteElo "2533"]
[BlackElo "2454"]
[PlyCount "81"]
[EventDate "2007.06.15"]
[EventType "swiss"]
[EventRounds "10"]
[EventCountry "ITA"]
[Source "lmi"]
[SourceDate "2007.06.15"]

1. e4 e5 2. Nf3 Nc6 3. Bb5 a6 4. Ba4 Nf6 5. O-O Be7 6. Re1 b5 7. Bb3 O-O 8. c3
d5 9. d4 exd4 10. e5 Ne4 11. cxd4 Bf5 12. h3 Qd7 13. Nbd2 Nb4 14. Nf1 c5 15. a3
Nc6 16. Ne3 Be6 17. Nxd5 Bxd5 18. dxc5 Rad8 19. Qxd5 Qxd5 20. Bxd5 Rxd5 21.
Rxe4 Rd1+ 22. Re1 Rxe1+ 23. Nxe1 Bxc5 24. Bf4 Bd4 25. Nd3 f6 26. exf6 Bxf6 27.
Rb1 Rd8 28. Nc5 a5 29. Ne4 Bd4 30. b3 a4 31. bxa4 bxa4 32. Kf1 Kf7 33. Rc1 Ke6
34. Rxc6+ Kd5 35. Rd6+ Rxd6 36. Nxd6 Bc5 37. Ke2 Bxa3 38. Nb5 Bb2 39. Kd3 Kc5
40. Nc3 Kb4 41. Be5 1-0

[Event "3. Campeonato de la Unión Europea"]
[Site "Arvier ITA"]
[Date "2007.06.24"]
[Round "10.7"]
[White "Piscopo, Pierluigi"]
[Black "Agrest, Evgenij"]
[Result "1/2-1/2"]
[WhiteElo "2392"]
[BlackElo "2561"]
[PlyCount "41"]
[EventDate "2007.06.15"]
[EventType "swiss"]
[EventRounds "10"]
[EventCountry "ITA"]
[Source "lmi"]
[SourceDate "2007.06.15"]

1. e4 c5 2. Nf3 d6 3. d4 Nf6 4. Nc3 cxd4 5. Nxd4 g6 6. Be2 Bg7 7. O-O O-O 8.
Bg5 a6 9. Qd3 Nbd7 10. Qe3 Re8 11. Rad1 Qb6 12. a3 Qc5 13. Nb3 Qc7 14. a4 b6
15. f4 Bb7 16. Bh4 Rac8 17. Bg3 Bh6 18. Qd4 Nc5 19. Nxc5 bxc5 20. Qc4 Red8 21.
e5 1/2-1/2

[Event "3. Campeonato de la Unión Europea"]
[Site "Arvier ITA"]
[Date "2007.06.24"]
[Round "10.8"]
[White "Borgo, Giulio"]
[Black "D'Amore, Carlo"]
[Result "1/2-1/2"]
[WhiteElo "2418"]
[BlackElo "2476"]
[PlyCount "134"]
[EventDate "2007.06.15"]
[EventType "swiss"]
[EventRounds "10"]
[EventCountry "ITA"]
[Source "lmi"]
[SourceDate "2007.06.15"]

1. c4 g6 2. g3 Bg7 3. Bg2 e5 4. Nc3 d6 5. d3 Nc6 6. Rb1 a5 7. a3 Nf6 8. Nd5
Nxd5 9. cxd5 Ne7 10. h4 h6 11. Bd2 a4 12. Rc1 Bd7 13. Rc4 Bb5 14. Rb4 Qd7 15.
g4 c5 16. dxc6 Bxc6 17. Bxc6 Qxc6 18. e4 h5 19. gxh5 Rxh5 20. Ne2 Bf6 21. Nc3
Kf8 22. Rxa4 Rxa4 23. Qxa4 Qc8 24. Qd1 Bxh4 25. Qf3 Qe6 26. Kd1 Qb3+ 27. Kc1
Nc6 28. Qd1 Nd4 29. Rf1 Qe6 30. Kb1 Qh3 31. Be3 Nf3 32. Rh1 Qg4 33. Nd5 Bd8 34.
Ka2 Kg7 35. Qc1 Qg2 36. Rxh5 gxh5 37. Qc8 Bg5 38. Qe8 Qg4 39. Bxg5 Nxg5 40. Qe7
Nh7 41. Qxb7 h4 42. Ne3 Qe6+ 43. Qb3 h3 44. Qxe6 fxe6 45. Nf1 Kf7 46. Kb3 Ke7
47. Kc4 Kd7 48. Kb5 Kc7 49. a4 Nf6 50. Nh2 Nh5 51. Kc4 Nf4 52. d4 d5+ 53. exd5
exd5+ 54. Kc3 Ne2+ 55. Kd3 Nxd4 56. f4 Kd6 57. fxe5+ Kxe5 58. b4 Ne6 59. Ke3
d4+ 60. Kf3 Kd5 61. Kg3 Ng5 62. a5 Kc6 63. a6 Kb6 64. b5 Ne4+ 65. Kxh3 Nd6 66.
Nf3 d3 67. Kg3 Nxb5 1/2-1/2

[Event "3. Campeonato de la Unión Europea"]
[Site "Arvier ITA"]
[Date "2007.06.24"]
[Round "10.9"]
[White "Llaneza Vega, Marcos"]
[Black "Zimina, Olga"]
[Result "1-0"]
[WhiteElo "2455"]
[BlackElo "2377"]
[PlyCount "101"]
[EventDate "2007.06.15"]
[EventType "swiss"]
[EventRounds "10"]
[EventCountry "ITA"]
[Source "lmi"]
[SourceDate "2007.06.15"]

1. e4 c6 2. Nc3 d5 3. Nf3 Bg4 4. h3 Bxf3 5. Qxf3 e6 6. d3 Nd7 7. Bd2 Bb4 8.
exd5 cxd5 9. Qg4 Be7 10. Qxg7 Bf6 11. Qg4 Qb6 12. Qa4 Ne7 13. O-O-O O-O-O 14.
Qb3 Qxf2 15. Be2 Nc6 16. Rdf1 Qc5 17. Bh5 Nd4 18. Qa3 Qxa3 19. bxa3 Be7 20.
Bxf7 Bxa3+ 21. Kd1 a6 22. Bg5 Rdf8 23. Bh6 Nf5 24. Bxf8 Rxf8 25. Bxe6 Ne3+ 26.
Ke2 Nxf1 27. Bxd7+ Kxd7 28. Rxf1 Rg8 29. g4 Rc8 30. Nxd5 Rxc2+ 31. Ke3 Rh2 32.
Ke4 Rxa2 33. Rf7+ Ke6 34. Rf6+ Kd7 35. Rf7+ Ke6 36. Rxb7 Bc1 37. Rxh7 Ra4+ 38.
d4 Bb2 39. Nf4+ Kf6 40. Rh6+ Kg5 41. Rh5+ Kf6 42. Rd5 Ra1 43. g5+ Ke7 44. Re5+
Kf8 45. Rf5+ Kg8 46. Ne6 Re1+ 47. Kd5 Rg1 48. h4 a5 49. h5 a4 50. Rf8+ Kh7 51.
g6+ 1-0

[Event "3. Campeonato de la Unión Europea"]
[Site "Arvier ITA"]
[Date "2007.06.24"]
[Round "10.10"]
[White "Vocaturo, Daniele"]
[Black "Calzetta, Monica"]
[Result "1-0"]
[WhiteElo "2450"]
[BlackElo "2340"]
[PlyCount "93"]
[EventDate "2007.06.15"]
[EventType "swiss"]
[EventRounds "10"]
[EventCountry "ITA"]
[Source "lmi"]
[SourceDate "2007.06.15"]

1. e4 c5 2. a3 Nc6 3. b4 e5 4. b5 Nd4 5. c3 Ne6 6. Bc4 Nf6 7. d3 Be7 8. Ne2 d5
9. exd5 Nxd5 10. O-O O-O 11. a4 b6 12. Nd2 Bb7 13. a5 Rb8 14. axb6 axb6 15. Ra7
Bg5 16. Re1 Kh8 17. Nf3 Bxc1 18. Qxc1 f6 19. Ng3 Ndf4 20. Qe3 Qc8 21. Ne4 Rd8
22. Nh4 Ra8 23. Rxa8 Bxa8 24. g3 Nh3+ 25. Kf1 Nhg5 26. f4 Nxe4 27. dxe4 exf4
28. gxf4 g6 29. Ra1 Nf8 30. f5 g5 31. Nf3 Re8 32. Nxg5 fxg5 33. Qxg5 Nd7 34. f6
Rg8 35. Qxg8+ Qxg8 36. Bxg8 Bxe4 37. Bc4 Nxf6 38. Ke2 Kg7 39. Ke3 Bg6 40. Ra7+
Kh6 41. Rb7 Kg5 42. Be6 h5 43. Rxb6 Bf5 44. c4 Ng4+ 45. Ke2 Nxh2 46. Bxf5 Kxf5
47. Rc6 1-0

[Event "3. Campeonato de la Unión Europea"]
[Site "Arvier ITA"]
[Date "2007.06.24"]
[Round "10.11"]
[White "Bruno, Fabio"]
[Black "Vezzosi, Paolo"]
[Result "1/2-1/2"]
[WhiteElo "2428"]
[BlackElo "2287"]
[PlyCount "141"]
[EventDate "2007.06.15"]
[EventType "swiss"]
[EventRounds "10"]
[EventCountry "ITA"]
[Source "lmi"]
[SourceDate "2007.06.15"]

1. d4 Nf6 2. Nf3 b6 3. e3 Bb7 4. Bd3 g6 5. c4 Bg7 6. Nc3 O-O 7. e4 d6 8. O-O
Nbd7 9. h3 e5 10. d5 Nh5 11. Re1 Qe7 12. Rb1 c5 13. dxc6 Bxc6 14. Nd5 Bxd5 15.
cxd5 Nf4 16. Bf1 Rfc8 17. Ba6 Rc7 18. g3 Nh5 19. b4 Nhf6 20. Bd2 Rd8 21. Kg2
Nb8 22. Bd3 Rdc8 23. Qa4 Kf8 24. Rf1 Kg8 25. Ng1 Nfd7 26. Ne2 Bf6 27. Rbc1 Bg5
28. Rxc7 Rxc7 29. Be1 a6 30. Qb3 h5 31. f3 h4 32. g4 b5 33. Bf2 Qe8 34. Ra1 Rb7
35. a4 bxa4 36. Rxa4 Nc5 37. Bxc5 dxc5 38. b5 axb5 39. Ra5 Qd8 40. Rxb5 Rxb5
41. Qxb5 Be3 42. Bc4 Nd7 43. Bb3 Nb6 44. Qc6 Kg7 45. d6 c4 46. Bc2 Qd7 47. Qxd7
Nxd7 48. Ba4 Nb6 49. d7 Bg5 50. Bb5 Kf8 51. Nc3 Ke7 52. Kf2 Bd2 53. Na4 Nxd7
54. Bxd7 Kxd7 55. Nb6+ Ke6 56. Nxc4 Bf4 57. Ke2 Bh2 58. Kd3 Bg1 59. Nd2 Kf6 60.
f4 exf4 61. Nf3 Bf2 62. e5+ Ke7 63. Ke4 Bg3 64. g5 Ke6 65. Nd4+ Ke7 66. Kd5 Kd7
67. Ke4 Ke7 68. Nc6+ Ke6 69. Nd4+ Ke7 70. Nf3 Ke6 71. Nd2 1/2-1/2

[Event "3. Campeonato de la Unión Europea"]
[Site "Arvier ITA"]
[Date "2007.06.24"]
[Round "10.12"]
[White "Foisor, Cristina Adela"]
[Black "Schaefer, Michael"]
[Result "1-0"]
[WhiteElo "2384"]
[BlackElo "2228"]
[PlyCount "79"]
[EventDate "2007.06.15"]
[EventType "swiss"]
[EventRounds "10"]
[EventCountry "ITA"]
[Source "lmi"]
[SourceDate "2007.06.15"]

1. Nf3 Nf6 2. g3 g6 3. Bg2 Bg7 4. O-O d5 5. c4 O-O 6. cxd5 Nxd5 7. d4 Nb6 8.
Nc3 Nc6 9. e3 Re8 10. b3 a5 11. Bb2 h6 12. Re1 Be6 13. Re2 a4 14. Nxa4 Nxa4 15.
bxa4 Ra5 16. Bc3 Ra6 17. Rc1 Bg4 18. h3 Bxf3 19. Bxf3 Qa8 20. Rb2 Nd8 21. a5
Qc8 22. Bg2 Rd6 23. Qb3 e5 24. Bb4 Rd7 25. d5 e4 26. Rbc2 Kh7 27. Rc4 f5 28.
Qc2 Be5 29. Bc3 Bd6 30. Rb1 Qa8 31. Bf1 Nf7 32. Qb3 Ne5 33. Ra4 Rb8 34. a6 b5
35. Bxb5 Rdd8 36. Qd1 Qa7 37. Bd4 Nf3+ 38. Qxf3 Qxd4 39. exd4 exf3 40. a7 1-0

[Event "3. Campeonato de la Unión Europea"]
[Site "Arvier ITA"]
[Date "2007.06.24"]
[Round "10.14"]
[White "Castaldo, Folco"]
[Black "Borosova, Zuzana"]
[Result "1-0"]
[WhiteElo "2330"]
[BlackElo "2206"]
[PlyCount "115"]
[EventDate "2007.06.15"]
[EventType "swiss"]
[EventRounds "10"]
[EventCountry "ITA"]
[Source "lmi"]
[SourceDate "2007.06.15"]

1. Nf3 Nf6 2. c4 e6 3. Nc3 Bb4 4. Qc2 d6 5. g3 O-O 6. Bg2 Bxc3 7. Qxc3 Ne4 8.
Qc2 f5 9. O-O a5 10. d3 Nf6 11. b3 e5 12. Bb2 Qe8 13. c5 Nc6 14. cxd6 cxd6 15.
Ba3 Qe7 16. Rac1 Kh8 17. Nd2 Nd4 18. Qd1 f4 19. Nc4 Ra6 20. Bb2 d5 21. Nd2 fxg3
22. fxg3 Bg4 23. Nf3 Bxf3 24. exf3 Nf5 25. Qe1 d4 26. f4 Ne3 27. fxe5 Qxe5 28.
Rf4 Rd8 29. Bxd4 Rxd4 30. Rc8+ Ng8 31. Rff8 h6 32. Rxg8+ Kh7 33. Rh8+ Kg6 34.
Rhe8 Re6 35. Rxe6+ Qxe6 36. Bxb7 Rxd3 37. Rc6 Qxc6 38. Bxc6 Rd1 39. Qxd1 Nxd1
40. Kf1 Ne3+ 41. Ke2 Ng4 42. h3 Ne5 43. Bb5 Kf5 44. Ke3 h5 45. a3 g5 46. b4
axb4 47. axb4 h4 48. g4+ Ke6 49. Ke4 Kd6 50. Kf5 Nf3 51. Bd3 Kc7 52. Be4 Nd2
53. Bg2 Kb6 54. Kxg5 Kb5 55. Kxh4 Kxb4 56. Kg5 Kc5 57. Kf6 Kd6 58. g5 1-0